| Tag |
First Indicator |
Second Indicator |
Subfields |
| LEADER |
00000cam a22000004a 4500 |
| 001 |
in00001782513 |
| 005 |
20151025124846.0 |
| 008 |
030211s2003 enka b 001 0 eng |
| 010 |
|
|
|a 2003042670
|
| 020 |
|
|
|a 0748409661 (hbk.)
|
| 020 |
|
|
|a 074840967X (pbk.)
|
| 035 |
|
|
|a (OCoLC)ocm51653206
|
| 040 |
|
|
|a DLC
|c DLC
|d TXA
|d UtOrBLW
|
| 042 |
|
|
|a pcc
|
| 049 |
|
|
|a TXAM
|
| 050 |
0 |
0 |
|a TS167
|b .E53 2003
|
| 082 |
0 |
0 |
|a 658.5/036
|2 21
|
| 100 |
1 |
|
|a Endsley, Mica R.
|
| 245 |
1 |
0 |
|a Designing for situation awareness :
|b an approach to user-centered design /
|c Mica R. Endsley, Betty Bolté, and Debra G. Jones.
|
| 264 |
|
1 |
|a London ;
|a New York :
|b Taylor & Francis,
|c 2003.
|
| 300 |
|
|
|a vi, 333 pages :
|b illustrations (some color) ;
|c 25 cm.
|
| 336 |
|
|
|a text
|b txt
|2 rdacontent
|
| 337 |
|
|
|a unmediated
|b n
|2 rdamedia
|
| 338 |
|
|
|a volume
|b nc
|2 rdacarrier
|
| 504 |
|
|
|a Includes bibliographical references (pages [305]-326) and index.
|
| 650 |
|
0 |
|a Human-machine systems
|x Design.
|
| 650 |
|
0 |
|a Work design.
|
| 700 |
1 |
|
|a Bolté, Betty.
|
| 700 |
1 |
|
|a Jones, Debra G.
|
| 948 |
|
|
|a cataloged
|b h
|c 2003/11/12
|d c
|e ceaton
|f 2:26:54 pm
|
| 994 |
|
|
|a E0
|b TXA
|
| 999 |
|
|
|a MARS
|
| 999 |
f |
f |
|s ecc11842-440b-3f1f-91cb-828616f4d075
|i 6ac1c252-ce1b-3c4d-9e9f-e5c21f6df41e
|t 0
|
| 952 |
f |
f |
|p normal
|a Texas A&M University
|b College Station
|c Sterling C. Evans Library
|d Evans: Library Stacks
|t 0
|e TS167 .E53 2003
|h Library of Congress classification
|i unmediated -- volume
|m A14832037496
|
| 998 |
f |
f |
|a TS167 .E53 2003
|t 0
|l Evans: Library Stacks
|